[Event "Tenerife-chT Segunda"]
[Site "Tenerife"]
[Date "2023.01.28"]
[Round "3.1"]
[White "Zandeisakhani, Ramin"]
[Black "Bernardez Gonzalez, Roberto"]
[Result "0-1"]
[WhiteElo "1592"]
[BlackElo "1686"]
[PlyCount "48"]
[EventDate "2023.01.14"]
[EventType "team-tourn"]
[EventRounds "14"]
[EventCountry "ESP"]
[SourceTitle "EXT 2024"]
[Source "ChessBase"]
[SourceDate "2023.10.10"]
[SourceVersion "1"]
[SourceVersionDate "2023.10.10"]
[SourceQuality "1"]
[WhiteTeam "Circulo de Amistad XII Enero III"]
[BlackTeam "Ebano Barrio Nuevo III"]
[WhiteTeamCountry "ESP"]
[BlackTeamCountry "ESP"]

1. e4 e5 2. Nf3 Nc6 3. Bc4 Bc5 4. c3 Nf6 5. d4 exd4 6. cxd4 Bb4+ 7. Nc3 Nxe4 8. 0-0 Bxc3 9. d5 Bf6 10. Re1 Ne7 11. Rxe4 d6 12. Bg5 Bxg5 13. Nxg5 h6 14. Qe2 hxg5 15. Re1 Be6 16. dxe6 f6 17. Re3 c6 18. Rh3 Rxh3 19. gxh3 g6 20. Qf3 Qa5 21. Re2 Qf5 22. Qb3 Qb1+ 23. Kg2 Nf5 24. Bd3 Nh4+ 0-1

[Event "Tenerife-chT Segunda"]
[Site "Tenerife"]
[Date "2022.04.02"]
[Round "8.2"]
[White "De Varona Ortega, Omar Enrique"]
[Black "Zandeisakhani, Ramin"]
[Result "0-1"]
[WhiteElo "1590"]
[BlackElo "1622"]
[PlyCount "66"]
[EventDate "2022.01.29"]
[EventType "team-tourn"]
[EventRounds "14"]
[EventCountry "ESP"]
[SourceTitle "EXT 2024"]
[Source "ChessBase"]
[SourceDate "2023.10.10"]
[SourceVersion "1"]
[SourceVersionDate "2023.10.10"]
[SourceQuality "1"]
[WhiteTeam "Ebano Barrio Nuevo III"]
[BlackTeam "Circulo de Amistad XII Enero II"]
[WhiteTeamCountry "ESP"]
[BlackTeamCountry "ESP"]

1. e4 d6 2. d4 Nf6 3. Nc3 g6 4. Bf4 Bg7 5. Qd2 c6 6. Bh6 0-0 7. Bxg7 Kxg7 8. Nf3 b5 9. b4 a5 10. e5 Nfd7 11. Ne4 axb4 12. Neg5 dxe5 13. Qxb4 Ra4 14. Qb2 Qa5+ 15. c3 b4 16. Bc4 bxc3 17. Qc2 Rxc4 18. 0-0 exd4 19. Rfe1 h6 20. Ne6+ fxe6 21. Rxe6 Nf6 22. Rxe7+ Rf7 23. Rae1 Bf5 24. Qb3 Rxe7 25. Rxe7+ Kf8 26. Re5 Qb4 27. h3 Qxb3 28. axb3 Rb4 29. Rc5 Nfd7 30. Rc4 Rxc4 31. bxc4 c2 32. Kh2 c1Q 33. h4 Qxc4 0-1

[Event "Tenerife-chT Segunda"]
[Site "Tenerife"]
[Date "2022.02.05"]
[Round "2.2"]
[White "Redondo Terron, Eva"]
[Black "Zandeisakhani, Ramin"]
[Result "1/2-1/2"]
[WhiteElo "1112"]
[BlackElo "1622"]
[PlyCount "120"]
[EventDate "2022.01.29"]
[EventType "team-tourn"]
[EventRounds "14"]
[EventCountry "ESP"]
[SourceTitle "EXT 2024"]
[Source "ChessBase"]
[SourceDate "2023.10.10"]
[SourceVersion "1"]
[SourceVersionDate "2023.10.10"]
[SourceQuality "1"]
[WhiteTeam "Santa Ursula Badnor II"]
[BlackTeam "Circulo de Amistad XII Enero II"]
[WhiteTeamCountry "ESP"]
[BlackTeamCountry "ESP"]

1. e4 d6 2. Nf3 Nf6 3. Nc3 g6 4. d3 Bg7 5. Be2 0-0 6. 0-0 c5 7. h3 Nc6 8. Be3 e5 9. Qc1 Re8 10. Bh6 Bh8 11. Rb1 Be6 12. b3 Qd7 13. Ng5 Nd4 14. Nxe6 Qxe6 15. Re1 b5 16. b4 Rec8 17. Be3 a6 18. Bxd4 cxd4 19. Nd5 Nxd5 20. exd5 Qe7 21. Qd2 Bf6 22. Bg4 Bg5 23. f4 f5 24. fxg5 fxg4 25. Rf1 Qb7 26. Rbc1 Qxd5 27. a3 gxh3 28. gxh3 Rf8 29. Rf6 Rxf6 30. gxf6 Qe6 31. Qg2 Rf8 32. Rf1 Rxf6 33. Rxf6 Qxf6 34. Qa8+ Kg7 35. Qxa6 Qg5+ 36. Kh2 Qf4+ 37. Kg2 Qd2+ 38. Kg3 Qe1+ 39. Kg4 h5+ 40. Kf3 Qe3+ 41. Kg2 Qe2+ 42. Kg3 Qe1+ 43. Kg2 Qe2+ 44. Kg3 Qxc2 45. Qxb5 e4 46. Qb7+ Kh6 47. Qxe4 Qc3 48. b5 Qxa3 49. Qxd4 Qa5 50. b6 Qg5+ 51. Kf3 Qe7 52. Qe4 Qd7 53. Kg3 d5 54. Qf4+ g5 55. Qf6+ Kh7 56. Qxg5 Qd6+ 57. Kh4 Qxb6 58. Qxh5+ Kg7 59. Qxd5 Qf2+ 60. Kg4 Qg1+ 1/2-1/2

[Event "Tenerife-chT Primera"]
[Site "Tenerife"]
[Date "2021.10.02"]
[Round "13.3"]
[White "Diaz Reyes, Franklin"]
[Black "Zandeisakhani, Ramin"]
[Result "1-0"]
[WhiteElo "1810"]
[BlackElo "1632"]
[PlyCount "75"]
[EventDate "2021.02.27"]
[EventType "team-tourn"]
[EventRounds "14"]
[EventCountry "ESP"]
[SourceTitle "EXT 2023"]
[Source "ChessBase"]
[SourceDate "2022.10.05"]
[SourceVersion "1"]
[SourceVersionDate "2022.10.05"]
[SourceQuality "1"]
[WhiteTeam "Fundacion La Caja de Canarias II"]
[BlackTeam "Circulo de Amistad XII Enero"]
[WhiteTeamCountry "ESP"]
[BlackTeamCountry "ESP"]

1. e4 d6 2. d4 Nf6 3. Nc3 g6 4. Nf3 Bg7 5. Be2 0-0 6. 0-0 b6 7. e5 Nfd7 8. exd6 cxd6 9. Be3 Bb7 10. Qd2 Nf6 11. h3 Nbd7 12. Rad1 Rc8 13. Rfe1 d5 14. Bf4 Ne4 15. Nxe4 dxe4 16. Nh2 f5 17. c3 Re8 18. Nf1 Nf6 19. Ne3 e6 20. Nc4 Qd5 21. Ne3 Qd7 22. Be5 Nd5 23. Nc4 Bxe5 24. Nxe5 Qg7 25. Bb5 Re7 26. Qe2 Nc7 27. Bc6 Ba6 28. c4 Nd5 29. Qd2 Bxc4 30. Rc1 Ba6 31. b4 Rf8 32. b5 Bb7 33. Qb2 g5 34. Qa3 h5 35. Qd6 Rf6 36. Nd7 Rh6 37. Qb8+ Kh7 38. Nf8+ 1-0

[Event "Tenerife-chT Segunda"]
[Site "Tenerife"]
[Date "2021.06.06"]
[Round "9.1"]
[White "Zandeisakhani, Ramin"]
[Black "Mora Orta, Rebeca"]
[Result "1/2-1/2"]
[WhiteElo "1632"]
[BlackElo "1218"]
[PlyCount "113"]
[EventDate "2021.02.27"]
[EventType "team-tourn"]
[EventRounds "13"]
[EventCountry "ESP"]
[SourceTitle "EXT 2023"]
[Source "ChessBase"]
[SourceDate "2022.10.05"]
[SourceVersion "1"]
[SourceVersionDate "2022.10.05"]
[SourceQuality "1"]
[WhiteTeam "El Recreo"]
[BlackTeam "Piratas La Orotava"]
[WhiteTeamCountry "ESP"]
[BlackTeamCountry "ESP"]

1. e4 Nc6 2. d4 d5 3. e5 Bf5 4. c3 f6 5. f4 Qd7 6. Nf3 0-0-0 7. Bd3 h6 8. 0-0 g5 9. Bxf5 Qxf5 10. fxg5 hxg5 11. Nxg5 Qg6 12. Ne6 Re8 13. Nxf8 Rxf8 14. Qf3 e6 15. Na3 f5 16. Bf4 Nh6 17. Qg3 Qh5 18. Qf3 Qg6 19. b4 Nd8 20. c4 Ndf7 21. cxd5 Ng5 22. Qg3 Ng4 23. h3 Ne4 24. Qb3 exd5 25. Rac1 Rfg8 26. Nb5 Ne3 27. Rxc7+ Kd8 28. Rc8+ Kd7 29. Rxg8 Rxg8 30. g3 Nxg3 31. Kf2 Ngxf1 32. Bxe3 Qg2+ 33. Ke1 Rg3 34. e6+ Ke7 35. Bg5+ Rxg5 36. Qc3 Kxe6 37. Qc8+ Kf6 38. Qh8+ Rg7 39. Qf8+ Kg6 40. Nd6 Qxh3 41. Ne8 Qe3+ 42. Kxf1 Qe7 43. Qh8 Rh7 44. Qg8+ Kh6 45. Kf2 Rf7 46. Nd6 Rf8 47. Qxd5 Qh4+ 48. Ke2 Qg4+ 49. Kd3 f4 50. Nf7+ Kh7 51. Ne5 Qf5+ 52. Ke2 Qc2+ 53. Ke1 Qc3+ 54. Kf1 Qxb4 55. Qe4+ Kg8 56. Qg6+ Kh8 57. Qh6+ 1/2-1/2

[Event "Tenerife-chT Primera"]
[Site "Tenerife"]
[Date "2021.03.13"]
[Round "3.4"]
[White "Gonzalez Estevez, Eduardo"]
[Black "Zandeisakhani, Ramin"]
[Result "0-1"]
[WhiteElo "1183"]
[BlackElo "1632"]
[PlyCount "72"]
[EventDate "2021.02.27"]
[EventType "team-tourn"]
[EventRounds "14"]
[EventCountry "ESP"]
[SourceTitle "EXT 2023"]
[Source "ChessBase"]
[SourceDate "2022.10.05"]
[SourceVersion "1"]
[SourceVersionDate "2022.10.05"]
[SourceQuality "1"]
[WhiteTeam "Al Shah Mat Los Realejos II"]
[BlackTeam "Circulo de Amistad XII Enero"]
[WhiteTeamCountry "ESP"]
[BlackTeamCountry "ESP"]

1. c4 c6 2. d4 d5 3. e3 e6 4. Nf3 f5 5. Nc3 Nf6 6. c5 Be7 7. Be2 0-0 8. 0-0 Nbd7 9. Nd2 e5 10. Nb3 e4 11. f4 b6 12. Na4 bxc5 13. Naxc5 Nxc5 14. Nxc5 Qb6 15. Qc2 Rb8 16. a3 a5 17. Na4 Qa7 18. Qxc6 Bd7 19. Qc2 Rfc8 20. Nc3 a4 21. Qd1 Rb3 22. Qe1 Qa5 23. Nxe4 Qb6 24. Nxf6+ Bxf6 25. Bd1 Rd3 26. Qe2 Bb5 27. Bc2 Rdc3 28. Qxb5 Qxb5 29. bxc3 Rxc3 30. Bxf5 g6 31. Bd2 Rb3 32. Be6+ Kg7 33. Rfe1 Be7 34. Bc1 Qa5 35. Re2 Qc3 36. Rea2 Qe1# 0-1

[Event "Tenerife-chT Primera"]
[Site "Tenerife"]
[Date "2021.03.06"]
[Round "2.4"]
[White "Zandeisakhani, Ramin"]
[Black "Gonzalez Miranda, Alejandro"]
[Result "1-0"]
[WhiteElo "1632"]
[BlackElo "1280"]
[PlyCount "63"]
[EventDate "2021.02.27"]
[EventType "team-tourn"]
[EventRounds "14"]
[EventCountry "ESP"]
[SourceTitle "EXT 2023"]
[Source "ChessBase"]
[SourceDate "2022.10.05"]
[SourceVersion "1"]
[SourceVersionDate "2022.10.05"]
[SourceQuality "1"]
[WhiteTeam "Circulo de Amistad XII Enero"]
[BlackTeam "Santa Ursula Badnor"]
[WhiteTeamCountry "ESP"]
[BlackTeamCountry "ESP"]

1. e4 e5 2. Nf3 Nc6 3. Bc4 Be7 4. 0-0 Nf6 5. Re1 0-0 6. c3 d6 7. h3 Na5 8. Bd3 Be6 9. b4 Nc6 10. b5 Nb8 11. c4 Nbd7 12. Ba3 Nc5 13. Bxc5 dxc5 14. Qc2 Bd6 15. Nc3 h6 16. Nd5 c6 17. bxc6 bxc6 18. Ne3 Qd7 19. Nf5 Bxf5 20. exf5 Rfe8 21. Re3 Re7 22. Rae1 Rae8 23. g4 Bc7 24. g5 e4 25. Bxe4 Nxe4 26. Rxe4 Qxf5 27. Rxe7 Qxc2 28. Rxe8+ Kh7 29. R8e7 Bb6 30. Rxf7 Qxa2 31. Re6 Qxc4 32. g6+ 1-0

[Event "Tenerife-chT Primera 1920"]
[Site "Tenerife "]
[Date "2020.02.08"]
[Round "6.4"]
[White "Gonzalez Estevez, Eduardo"]
[Black "Zandeisakhani, Ramin"]
[Result "1-0"]
[WhiteElo "1147"]
[BlackElo "1642"]
[PlyCount "86"]
[EventDate "2019.11.30"]
[EventType "team-tourn"]
[EventRounds "14"]
[EventCountry "ESP"]
[SourceTitle "CBM 195 Extra"]
[Source "ChessBase"]
[SourceDate "2020.05.31"]
[SourceVersion "1"]
[SourceVersionDate "2020.05.31"]
[SourceQuality "1"]
[WhiteTeam "Al Shah Mat Los Realejos II"]
[BlackTeam "Circulo de Amistad XII Enero"]
[WhiteTeamCountry "ESP"]
[BlackTeamCountry "ESP"]

1. d4 d5 2. Bf4 c6 3. Nf3 e6 4. e3 f5 5. c4 Nf6 6. a3 Bd6 7. Ne5 0-0 8. Nd2 Ne4 9. Nxe4 fxe4 10. Be2 Bd7 11. 0-0 Be8 12. Bg4 Qe7 13. c5 Bc7 14. b4 a6 15. f3 h5 16. Bh3 h4 17. fxe4 g5 18. Qg4 Bd8 19. Qxe6+ Qxe6 20. Bxe6+ Kg7 21. Nxc6 gxf4 22. Nxd8 Bb5 23. Bxd5 Rxd8 24. Rxf4 Rd7 25. Rxh4 Bc6 26. Bxc6 Nxc6 27. Rf1 Ne7 28. Rf3 Ng6 29. Rg4 Rg8 30. Rfg3 Kf7 31. e5 Re7 32. Rf3+ Ke8 33. Rf6 Reg7 34. d5 Ne7 35. Rxg7 Rxg7 36. d6 Nd5 37. Rf3 Rg5 38. e6 Re5 39. d7+ Ke7 40. Rf7+ Kxe6 41. d8Q Kxf7 42. Qd6 Rg5 43. e4 Ne3 1-0

[Event "Tenerife-chT Segunda-A 1819"]
[Site "Tenerife"]
[Date "2019.03.16"]
[Round "10.2"]
[White "Mora Orta, Rebeca"]
[Black "Zandeisakhani, Ramin"]
[Result "0-1"]
[WhiteElo "1220"]
[BlackElo "1640"]
[PlyCount "54"]
[EventDate "2018.11.24"]
[EventType "team-tourn"]
[EventRounds "14"]
[EventCountry "ESP"]
[SourceTitle "CBM 189 Extra"]
[Source "ChessBase"]
[SourceDate "2019.06.03"]
[SourceVersion "1"]
[SourceVersionDate "2019.06.03"]
[SourceQuality "1"]
[WhiteTeam "Puerto de la Cruz Piratas"]
[BlackTeam "El Recreo"]
[WhiteTeamCountry "ESP"]
[BlackTeamCountry "ESP"]

1. e4 d6 2. d4 Nf6 3. Nc3 g6 4. Bc4 Bg7 5. Nf3 c6 6. 0-0 b5 7. Bb3 b4 8. Ng5 0-0 9. Ne2 h6 10. e5 Ne8 11. Nf3 Bg4 12. Ng3 h5 13. h3 Bxf3 14. Qxf3 dxe5 15. d5 Qc7 16. Bd2 a5 17. c3 bxc3 18. Bxc3 a4 19. Bc4 Nd6 20. Bd3 cxd5 21. Qxd5 Nd7 22. Rfe1 e6 23. Qf3 f5 24. Qe2 e4 25. Bb5 Nxb5 26. f4 exf3 27. gxf3 Qxg3+ 0-1

[Event "Tenerife-chT Segunda 1617"]
[Site "Tenerife"]
[Date "2017.04.29"]
[Round "13.2"]
[White "Zandeisakhani, Ramin"]
[Black "Nuevo Cabezas, Antonio"]
[Result "1-0"]
[WhiteElo "1617"]
[BlackElo "1333"]
[PlyCount "55"]
[EventDate "2016.12.10"]
[EventType "team-tourn"]
[EventRounds "15"]
[EventCountry "ESP"]
[SourceTitle "EXT 2018"]
[Source "ChessBase"]
[SourceDate "2017.10.13"]
[SourceVersion "1"]
[SourceVersionDate "2017.10.13"]
[SourceQuality "1"]
[WhiteTeam "Circulo de Amistad II"]
[BlackTeam "Casa de Venezuela Ebano IV"]
[WhiteTeamCountry "ESP"]
[BlackTeamCountry "ESP"]

1. e4 d5 2. exd5 Qxd5 3. Nc3 Qe5+ 4. Be2 Bg4 5. d4 Qe6 6. Be3 c6 7. Bxg4 f5 8. Bh3 Nf6 9. Nge2 g6 10. 0-0 Nbd7 11. Nf4 Qf7 12. d5 g5 13. Bxf5 gxf4 14. dxc6 bxc6 15. Bxf4 e6 16. Re1 Rd8 17. Bxe6 Be7 18. Bxf7+ Kxf7 19. Qf3 Rc8 20. Bg5 h5 21. Rad1 Rc7 22. Ne4 Kg6 23. Bxf6 Nxf6 24. Qg3+ Kf5 25. Qxc7 Nxe4 26. Qxe7 Nf6 27. Re5+ Kg6 28. Re6 1-0

[Event "Tenerife-chT Segunda 1516"]
[Site "Tenerife"]
[Date "2016.03.12"]
[Round "10.1"]
[White "Zandeisakhani, Ramin"]
[Black "Fernandez, Kosara"]
[Result "0-1"]
[WhiteElo "1653"]
[BlackElo "1797"]
[PlyCount "128"]
[EventDate "2015.12.12"]
[EventType "team-tourn"]
[EventRounds "15"]
[EventCountry "ESP"]
[SourceTitle "EXT 2017"]
[Source "ChessBase"]
[SourceDate "2016.10.25"]
[SourceVersion "1"]
[SourceVersionDate "2016.10.25"]
[SourceQuality "1"]
[WhiteTeam "La Victoria 94 II"]
[BlackTeam "Benito"]
[WhiteTeamCountry "ESP"]
[BlackTeamCountry "ESP"]

1. e4 b6 2. d4 Bb7 3. Nc3 e6 4. Nf3 Bb4 5. Bd3 Bxc3+ 6. bxc3 h6 7. 0-0 Nf6 8. Re1 d6 9. c4 0-0 10. c3 Nbd7 11. Ba3 Re8 12. Rc1 c5 13. Bb1 Qc7 14. Qd3 e5 15. d5 Nf8 16. Nh4 Bc8 17. Nf5 Ng6 18. g3 Ne7 19. Qf3 Nxf5 20. exf5 Qd7 21. Bc2 Ba6 22. Bb3 e4 23. Qf4 Re5 24. g4 Rae8 25. Re3 h5 26. h3 h4 27. Qg5 Bc8 28. Qxh4 Qe7 29. Rce1 Bb7 30. Bc1 Nxd5 31. Qxe7 Nxe7 32. f4 exf3 33. Rxe5 dxe5 34. Rxe5 Bc6 35. g5 Kf8 36. f6 gxf6 37. gxf6 Ng6 38. Bh6+ Kg8 39. Rxe8+ Bxe8 40. Bd1 Bc6 41. Kf2 Kh7 42. Bg5 Ne5 43. Bc2+ Kg8 44. Bb3 Nd3+ 45. Kf1 Kh7 46. Bc2 Be4 47. a3 Kg6 48. h4 Kh5 49. Ba4 Bg6 50. Bc6 Kg4 51. Bd5 Kg3 52. a4 Bf5 53. Be3 Bh3+ 54. Kg1 Ne5 55. h5 Bf5 56. h6 Bg6 57. a5 Bh7 58. axb6 axb6 59. Bf2+ Kf4 60. Kh2 Ng4+ 61. Kg1 Nxh6 62. Bh4 Bg6 63. Bf2 Ng4 64. Bh4 Ke3 0-1

[Event "Tenerife-chT Primera 1516"]
[Site "Tenerife"]
[Date "2016.03.05"]
[Round "9.4"]
[White "Foldes, Marius"]
[Black "Zandeisakhani, Ramin"]
[Result "1-0"]
[WhiteElo "1101"]
[BlackElo "1653"]
[PlyCount "75"]
[EventDate "2015.12.12"]
[EventType "team-tourn"]
[EventRounds "14"]
[EventCountry "ESP"]
[SourceTitle "EXT 2017"]
[Source "ChessBase"]
[SourceDate "2016.10.25"]
[SourceVersion "1"]
[SourceVersionDate "2016.10.25"]
[SourceQuality "1"]
[WhiteTeam "Laguna Cotelec II"]
[BlackTeam "La Victoria 94"]
[WhiteTeamCountry "ESP"]
[BlackTeamCountry "ESP"]

1. e4 d6 2. Nf3 Nf6 3. Nc3 g6 4. d4 Bg7 5. Be2 c5 6. dxc5 Qa5 7. cxd6 Nxe4 8. Bd2 Nxc3 9. Bxc3 Bxc3+ 10. bxc3 Qxc3+ 11. Nd2 exd6 12. 0-0 d5 13. Nf3 Be6 14. Nd4 0-0 15. Nxe6 fxe6 16. Bg4 Rf6 17. Re1 Kf7 18. Re3 Qc6 19. Qe2 Nd7 20. Re1 Re8 21. Rf3 Rxf3 22. Qxf3+ Nf6 23. c3 g5 24. Bh5+ Kg7 25. Bxe8 Nxe8 26. Qe3 Kf6 27. Qe5+ Kf7 28. Qxg5 Qxc3 29. Qh5+ Kf8 30. Qh6+ Ng7 31. Rc1 Qe5 32. Qxh7 d4 33. Qd3 Nf5 34. h3 Qf4 35. Re1 Qd6 36. Re4 Qc6 37. Qf3 Qc1+ 38. Kh2 1-0

[Event "Tenerife-chT Primera 1516"]
[Site "Tenerife"]
[Date "2015.12.12"]
[Round "1.4"]
[White "Rodriguez Sabater, Lucia Iris"]
[Black "Zandeisakhani, Ramin"]
[Result "0-1"]
[WhiteElo "1544"]
[BlackElo "1653"]
[PlyCount "88"]
[EventDate "2015.12.12"]
[EventType "team-tourn"]
[EventRounds "14"]
[EventCountry "ESP"]
[SourceTitle "CBM 170 Extra"]
[Source "ChessBase"]
[SourceDate "2016.02.25"]
[SourceVersion "1"]
[SourceVersionDate "2016.02.25"]
[SourceQuality "1"]
[WhiteTeam "El Sauzal II"]
[BlackTeam "La Victoria 94"]
[WhiteTeamCountry "ESP"]
[BlackTeamCountry "ESP"]

1. e4 d6 2. d4 Nf6 3. Nc3 g6 4. Nf3 Bg7 5. Bf4 c5 6. dxc5 Qa5 7. Be2 Qxc5 8. Bd3 a6 9. 0-0 Nbd7 10. Re1 Ng4 11. Qe2 Nde5 12. Nxe5 Bxe5 13. g3 h5 14. h4 Be6 15. Rad1 0-0 16. Na4 Qd4 17. b3 Rac8 18. Bc1 Qa7 19. c4 Bd4 20. Rf1 Ne5 21. Bh6 Bg4 22. Qc2 Bxd1 23. Qxd1 Rfe8 24. Be2 Kh7 25. Bc1 Rh8 26. Kg2 Kg8 27. f4 Nc6 28. f5 Rf8 29. Bg5 Qb8 30. Bxe7 Re8 31. Bg5 b5 32. fxg6 fxg6 33. cxb5 axb5 34. Qc2 Qb7 35. Bf3 Ne5 36. Nc3 Rc8 37. Bd2 b4 38. Bg5 Rxc3 39. Qe2 Nxf3 40. Rxf3 Rxf3 41. Qxf3 Qf7 42. Qe2 Kh7 43. Qd2 Bc5 44. Bf4 Qe6 0-1

[Event "Tenerife-chT Primera"]
[Site "Tenerife"]
[Date "2015.05.02"]
[Round "11.3"]
[White "Zandeisakhani, Ramin"]
[Black "Garcia Cruz, Francisco"]
[Result "1-0"]
[WhiteElo "1653"]
[BlackElo "1506"]
[PlyCount "33"]
[EventDate "2015.01.24"]
[EventType "swiss"]
[EventRounds "14"]
[EventCountry "ESP"]
[SourceTitle "EXT 2024"]
[Source "ChessBase"]
[SourceDate "2023.10.10"]
[SourceVersion "1"]
[SourceVersionDate "2023.10.10"]
[SourceQuality "1"]
[WhiteTeam "La Victoria 94"]
[BlackTeam "Circulo de Amistad XII Enero"]
[WhiteTeamCountry "ESP"]
[BlackTeamCountry "ESP"]

1. e4 c5 2. Nf3 Nc6 3. d4 cxd4 4. Nxd4 Nf6 5. Nc3 a6 6. Bg5 e6 7. Nxc6 bxc6 8. e5 h6 9. Bh4 g5 10. Bg3 Nd5 11. Ne4 f5 12. Qh5+ Ke7 13. Nd6 Rh7 14. 0-0-0 f4 15. Rxd5 cxd5 16. Qg6 Bg7 17. Qf7# 1-0

[Event "Tenerife-chT Primera"]
[Site "Tenerife"]
[Date "2015.04.25"]
[Round "10.4"]
[White "Zandeisakhani, Ramin"]
[Black "Camacho Hernandez, Francisco"]
[Result "1-0"]
[WhiteElo "1653"]
[BlackElo "1839"]
[PlyCount "48"]
[EventDate "2015.01.24"]
[EventType "swiss"]
[EventRounds "14"]
[EventCountry "ESP"]
[SourceTitle "EXT 2024"]
[Source "ChessBase"]
[SourceDate "2023.10.10"]
[SourceVersion "1"]
[SourceVersionDate "2023.10.10"]
[SourceQuality "1"]
[WhiteTeam "La Victoria 94"]
[BlackTeam "Casa de Venezuela"]
[WhiteTeamCountry "ESP"]
[BlackTeamCountry "ESP"]

1. e4 d6 2. d4 Nf6 3. Nc3 c6 4. h3 Nbd7 5. Nf3 e5 6. Bg5 Be7 7. Qd2 h6 8. Be3 b5 9. Bd3 a6 10. 0-0-0 c5 11. dxc5 dxc5 12. g4 Bb7 13. g5 hxg5 14. Nxg5 Qa5 15. Kb1 c4 16. Be2 b4 17. Nd5 Bxd5 18. exd5 c3 19. Qd3 Nc5 20. Qf5 b3 21. cxb3 e4 22. d6 c2+ 23. Kxc2 Qxa2 24. Bxc5 Rb8 1-0

[Event "Tenerife-chT-A1"]
[Site "Tenerife"]
[Date "2013.04.20"]
[Round "12.3"]
[White "Henriquez Garcia, David"]
[Black "Zandeisakhani, Ramin"]
[Result "1-0"]
[WhiteElo "2014"]
[BlackElo "1591"]
[PlyCount "113"]
[EventDate "2013.01.19"]
[EventType "team-tourn"]
[EventRounds "14"]
[EventCountry "ESP"]
[SourceTitle "EXT 2014"]
[Source "ChessBase"]
[SourceDate "2013.11.20"]
[SourceVersion "1"]
[SourceVersionDate "2013.11.20"]
[SourceQuality "1"]
[WhiteTeam "Laguna Cotelec II"]
[BlackTeam "La Victoria 94"]
[WhiteTeamCountry "ESP"]
[BlackTeamCountry "ESP"]

1. e4 d6 2. d4 Nf6 3. Nc3 g6 4. f3 Bg7 5. Be3 0-0 6. Qd2 c6 7. 0-0-0 b5 8. g4 b4 9. Na4 Qa5 10. b3 Nbd7 11. Kb1 Nb6 12. Nb2 c5 13. h4 Bxg4 14. a4 Bxf3 15. Nxf3 Nxe4 16. Qd3 Nc3+ 17. Kc1 Nxd1 18. Qxd1 cxd4 19. Bxd4 Qd5 20. Bxg7 Qxd1+ 21. Kxd1 Kxg7 22. a5 Nd5 23. Kd2 Nf6 24. Nd4 Rac8 25. Bd3 e5 26. Nb5 e4 27. Be2 Rc5 28. Na4 Rd5+ 29. Ke3 Rc8 30. Bc4 Rxb5 31. Bxb5 Rxc2 32. a6 d5 33. Kd4 Kf8 34. Ke5 Ke7 35. Rf1 Ng4+ 36. Kxd5 Ne3+ 37. Kxe4 Nxf1 38. Bxf1 Rh2 39. Nb6 Rxh4+ 40. Kd5 Kd8 41. Kc6 Re4 42. Nd5 Kc8 43. Bh3+ f5 44. Kd6 Rd4 45. Bf1 Rd1 46. Bc4 f4 47. Ke5 f3 48. Ne3 Re1 49. Kf4 f2 50. Kf3 f1Q+ 51. Nxf1 Rc1 52. Ne3 Rc3 53. Ke4 h5 54. Nd5 Rxc4+ 55. bxc4 b3 56. Kd3 g5 57. Nf6 1-0